Statistics for Constituent Lines of Transport for London

Click here to take the quiz!

General Stats

  • This quiz has been taken 51 times
  • The average score is 15 of 23

Answer Stats

Sub-systemLine% Correct
Circle
95%
Northern
95%
Victoria
95%
Central
93%
Jubilee
93%
Underground RailBakerloo
90%
District
90%
Hammersmith and City
90%
Metropolitan
90%
Piccadilly
90%
Docklands Light Rail
88%
Elizabeth Line (Crossrail/TfL Rail)
86%
Waterloo and City
83%
Overground RailOverground
81%
London Trams
71%
OtherBuses
40%
Emirates Air Line
31%
Santander Cycles
26%
Dial-a-Ride
17%
River Service
14%
Streets
10%
Taxi - Private Hire
7%
Victoria Coach Station
7%

Score Distribution

Percentile by Number Answered

Percent of People with Each Score

Your Score History

You have not taken this quiz